Evaluación económica y financiera en la fabricación de bloques de concreto en una mesa vibradora

Presenta la evaluación económica y financiera en la fabricación de bloques de concreto en una mesa vibradora, mediantes la ejecución de un estudio de mercado, estudio técnico, financiero y de impacto ambiental del proyecto.

Bibliographic Details
Main Authors: Ruiz Jirón, Roberto José, Vargas Talavera, Jairo Enrique, Narváez Pérez, Francisco Javier
Other Authors: Tutor: Rivera Medina, Ricardo José
Format: Tesis Section = Libro
Language:Undetermined
Spanish
Published: Managua UNI 2007
Subjects:
LEADER 01098nam a2200265Ia 4500
008 240830s9999 xx 000 0 und d
040 |a BIBLIOTECA-RUPAP T.Mon 693.4 R934 
041 |a spa 
082 |a T.Mon 693.4 R934 
100 1 |a Ruiz Jirón, Roberto José 
100 1 |b Vargas Talavera, Jairo Enrique 
100 1 |c Narváez Pérez, Francisco Javier 
245 1 0 |a Evaluación económica y financiera en la fabricación de bloques de concreto en una mesa vibradora 
260 |a Managua  |b UNI  |c 2007 
300 |a 106 p. :il. 
500 |a Contiene: anexos. 
502 |a Tesis (Ingeniero Civil)- UNI, 2007. 
520 3 |a Presenta la evaluación económica y financiera en la fabricación de bloques de concreto en una mesa vibradora, mediantes la ejecución de un estudio de mercado, estudio técnico, financiero y de impacto ambiental del proyecto. 
650 7 |a BLOQUES DE CONCRETO 
650 7 |b MATERIALES DE CONSTRUCCION 
650 7 |c FABRICACION DE BLOQUES – PROYECTOS 
700 1 |a Tutor:  |b Rivera Medina, Ricardo José 
942 |c BK  |2 ddc 
991 |a TESIS 
999 |c 18827